LEADER 00881nam a2200241 u 4500 001 000000082641 003 CaOOAMICUS 005 20070226123902.0 008 050418s1943 it u000 u ita u 035 $a11040058 040 $aPUL(R)$bita 100 1 $aVanni Rovighi, Sofia,$d1908-1990.$0(OLS)http://pul/name/5652 245 10$aGalileo /$cSofia Vanni Rovighi. 260 $aBrescia :$bLa Scuola,$c1943. 300 $a126 p. ;$c17 cm 490 1 $aMaestri del pensiero 600 14$aGalilei, Galileo,$d1564-1642.$0(OLS)http://pul/subject/2137 830 0$aMaestri del pensiero.$0(OLS)http://pul/title/2736 850 $aPUL 852 $aPUL$W1$xDP1 Fondo Cecchetti$y53$m260 L 39$j105258$nBK-PRI$qFondi$B105258$CPULBib$Z2$F105258 $81 941 1 $a1 996 $6245$aGalileo$9(OLS)http://pul/title/107935 996 $6260$aBrescia :$bLa Scuola$9(OLS)http://pul/publisher/48404 LEADER 01507nam a2200337 a 4500 001 000000142202 003 CaOOAMICUS 005 20150310133425.0 008 150310s1989 it af u000 u ita r 020 $z8806116568* 040 $aPUL$bita 041 1 $aita$heng 100 1 $aKantorowicz, Ernst Hartwig,$d1895-1963.$0(OLS)http://pul/name/13686 240 10$aKing's two bodies.$lItaliano.$0(OLS)http://pul/title/180000 245 12$aI due corpi del re :$bl'idea di regalità nella teologia politica medievale /$cErnst H. Kantorowicz ; introduzione di Alain Boureau. 260 $aTorino :$bEinaudi,$c1989. 300 $aXXXVI, 462 p., [16] c. di tav. :$bill. ;$c21 cm 490 1 $aBiblioteca di cultura storica ;$v180 500 $aInclude indici. 504 $aBibliografia: p. [437]-446. 650 4$aSovranità.$0(OLS)http://pul/subject/18457 700 1 $aBoureau, Alain,$d1946-$0(OLS)http://pul/name/34453 830 0$aBiblioteca di cultura storica (Einaudi) ;$v180.$0(OLS)http://pul/title/1254 850 $aPUL 852 $aPUL$W1$xDP1 Fondo Capitani$y116$m10 C 99$j164125$qFondi$B164215$CPULBib$Z2$F164215 $HCap809 $82 941 1 $a1 961 $aNota ms. di possesso: Capitani. 996 $6020$z8806116568*$9(OLS)http://pul/number/157172 996 $6245$aI due corpi del re :$bl'idea di regalità nella teologia politica medievale$9(OLS)http://pul/title/180001 996 $6260$aTorino :$bEinaudi$9(OLS)http://pul/publisher/48130